Negatívne vplyvy vonkajšieho prostredia na konkurencieschopnosť vybraného podniku diplomová práca

Enregistré dans:
Détails bibliographiques
Auteur principal: Tirinda, Mátyás
Collectivité auteur: Fakulta podnikového manažmentu EU. Katedra manažmentu
Autres auteurs: Mišúnová Hudáková, Ivana, 1976-
Format: Livre
Langue:slovaque
Publié: Bratislava 2025
Tags: Ajouter un tag
Pas de tags, Soyez le premier à ajouter un tag!

MARC

LEADER 00000nbm a2200000 4500
001 0309928
005 20260325084133.5
041 0 |a slo 
044 |a SK 
245 1 0 |a Negatívne vplyvy vonkajšieho prostredia na konkurencieschopnosť vybraného podniku  |b diplomová práca  |c Mátyás Tirinda ; školiteľ: Ivana Mišúnová Hudáková 
264 1 |a Bratislava  |c 2025 
300 |a 79 s. 
100 1 |a Tirinda, Mátyás 
700 1 |a Mišúnová Hudáková, Ivana, 1976- 
710 2 |a Fakulta podnikového manažmentu EU. Katedra manažmentu